LEADER 01226nam0 22003011i 450 001 SUN0017819 005 20050301120000.0 100 $a20040615d1982 |0itac50 ba 101 $aita 102 $aIT 105 $a|||| ||||| 200 1 $aSaper invecchiare$fAlberto Oliverio$g[a cura di Giovanni Berlinguer] 205 $aRoma : Editori riuniti$b[1982] 210 $d132 p. : ill. ; 20 cm 215 $aSottotit. sulla cop.: Come quando perchè si invecchia$cla terza età in aumento : quali problemi per la famiglia e per la società 606 $aAnziani$2FI$3SUNC008895 606 $aSenilita$2FI$3SUNC008896 620 $dRoma$3SUNL000360 676 $a301.435$v21 700 1$aOliverio$b, Alberto$3SUNV004909$010028 702 1$aBerlinguer$b, Giovanni$3SUNV000721 712 $aEditori riuniti$3SUNV000019$4650 801 $aIT$bSOL$c20181109$gRICA 912 $aSUN0017819 950 $aUFFICIO DI BIBLIOTECA DEL DIPARTIMENTO DI PSICOLOGIA$d16 CONS 1357 $e16 VS 1221 995 $aUFFICIO DI BIBLIOTECA DEL DIPARTIMENTO DI PSICOLOGIA$bIT-CE0119$gVS$h1221$kCONS 1357$oc$qa 996 $aSaper invecchiare$91428895 997 $aUNICAMPANIA LEADER 00685nam a2200205 i 4500 001 991004344732707536 005 20240926092028.0 008 240926s1843 it a er 001 0 ita d 040 $aBibl. Interfacoltà T. Pellegrino$bita$cSocioculturale Scs 041 1 $aita$hfre 082 04$a843.7$223 100 1 $aHugo, Victor$0444801 245 10$aLa zingara /$cDi Victor Hugo ; versione dal francese di Gennaro Barbieri 260 $aNapoli :$bSi vende da Gennaro Fonzo,$c1843 300 $a4 volumi :$bill. ;$c12 cm 505 00$gVol. 4. -$g292 p., [1] carta di tav. : ill. 700 1 $aBarbieri, Gaetano 912 $a991004344732707536 996 $aLa zingara$94229184 997 $aUNISALENTO